000 00614nam a22002177a 4500
999 _c16807
_d16807
003 OSt
005 20180411162027.0
008 180411b xxu||||| |||| 00| 0 eng d
020 _a0534642713
040 _cKABU
050 _aBF 575
_b.W45 2006 C.1
100 _aWhitley, E. Bernard
245 _aThe psychology of prejudice and discrimination :
_hBernard E. Whitley and Mary E. Kite
260 _aAustralia:
_bThomson;
_c2006.
300 _axvii, 660p.
650 _aPrejudice
650 _aDiscrimination
650 _aStereotypes(social psychology)
700 _aKite, E. Mary
942 _2lcc
_cBK